Antes do 25 de Abril era proibido (Registo nº 73986)

Detalhes MARC
000 -Etiqueta do registo
campo de controlo de comprimento fixo 00763nam a2200277 4500
001 - Identificador do registo
Campo de controlo 73986
005 - Identificador da versão
Campo de controlo 20260407142929.0
010 ## - ISBN
Número (ISBN) 9789895760411
021 ## - Nº depósito legal
Código do país Portugal
Número 543975/25
100 ## - Dados Gerais de Proc.
Dados gerais de processamento 20250703d2025 m y0pory50030103ba
101 0# - Língua da publicação
Língua do texto, banda sonora, etc. Português
102 ## - País de Publicação
País de publicação Portugal
105 ## - Dados Codif. Livros
Dados codificados dos livros a z 000yy
106 ## - Atributos Físicos
Dados codificados do material textual r
200 1# - Título
Título próprio Antes do 25 de Abril era proibido
Primeira menção de responsabilidade António Costa Santos
205 ## - Menção da edição
Menção da edição 3.ª ed.
210 #9 - Publicação, Distribuição
Lugar da edição, distribuição, etc. Lisboa
Nome do editor, distribuidor, etc. Guerra & Paz
Data da publicação, distribuição, etc. 2025
215 ## - Descrição física
Descrição física 204, [4] p.
Outras indicações físicas il.
675 ## - CDU
Notação 343.4/.5(469)"1933/1974"
Edição BN
Língua da edição Português
675 ## - CDU
Notação 342.7(469)"1933/1974"
Edição BN
Língua da edição Português
675 ## - CDU
Notação 316.32(469)"1933/1974"
Edição BN
Língua da edição Português
675 ## - CDU
Notação 316.75(469)"1933/1974"
Edição BN
Língua da edição Português
700 #1 - Responsabilidade principal
Palavra de ordem Santos
Outra parte do nome António Costa
Datas 1957-
Koha Internal Code 50991
801 #0 - Fonte de origem
País Portugal
Agência BN
Regras de catalogação RPC
090 ## - Números de controlo do sistema (Koha)
Número biblioitem do Koha (gerado automaticamente) 73986
942 ## - Elementos de entrada adicionados (Koha)
Tipo de item no Koha Monografias
Exemplares
Removido (estado) Perdido (estado) Data de aquisição Origem do registo (biblioteca) (codificado) Código da organização que empresta ou é detentora (biblioteca) Código de barras Local Número de inventário Cota Data de empréstimo ou depósito Tipo de circulação (não pode ser emprestado) Preço Tipo de item e material
Disponível Disponível 2026-01-14 Biblioteca Municipal Álvaro de Campos Biblioteca Municipal Álvaro de Campos BMTAV73024 Sala de Adultos 73024 GA10 SAN 2026-04-29 Normal 15.00 Monografias